Science Quiz

Random Science or Animal Quiz

► Animals - Sea Anemones Quiz Stats

 Plays Quiz not verified by Sporcle

Challenge
Share
Tweet
Score 0/16 Timer 03:00
0 Plays Today
% Correct
Long-tentacled Anemone
78.4%
Strawberry Anemone
77%
Rainbow Bubble Tip Anemone
68.2%
Pom-pom Anemone
63.3%
Saddle Anemone
62.1%
Sunburst Anemone
58.9%
Magnificent Anemone
58.3%
Venus Flytrap Sea Anemone
57.7%
% Correct
White-striped Anemone
47.5%
Pink-tipped Anemone
44.9%
Red False Plum anemone
43.4%
Aggregating Anemone
41.4%
Christmas Anemone
38.8%
Brooding Anemone
36.7%
Beadlet Anemone
30%
Violet-spotted Anemone
24.5%

You're not logged in!

Compare scores with friends on all Sporcle quizzes.
OR
Log In

You Might Also Like...

Show Comments

Extras

Top Quizzes Today


Score Distribution

Your Account Isn't Verified!

In order to create a playlist on Sporcle, you need to verify the email address you used during registration. Go to your Sporcle Settings to finish the process.

Report this User

Report this user for behavior that violates our Community Guidelines.

Details: